Legislacions relatives a associacionisme
Descripción Física:
100 pàgines no numerades ; 30 cm
Idioma:
Catalán
MARC
| LEADER | 00000nam a2200000 a 4500 | ||
|---|---|---|---|
| 001 | 26473 | ||
| 008 | 220816b spa||||| |||| 00| 0 cat d | ||
| 080 | |a Bib-899 | ||
| 245 | 0 | 0 | |a Legislacions relatives a associacionisme |h [Dossier] |
| 260 | |a Barcelona : |b Patronat Flor de Maig, |c 1993 | ||
| 300 | |a 100 pàgines no numerades ; |c 30 cm | ||
| 650 | 0 | |9 54175 |a Associacionisme |x Dret i legislació | |
| 650 | 0 | |9 54176 |a Associacionisme |z Espanya | |
| 710 | |9 4512 |a Patronat Flor de Maig |e entitat editora | ||
| 942 | |2 udc |c ARXIU |n 1 | ||
| 952 | |0 0 |1 0 |4 0 |6 BIB899 |7 1 |9 63456 |a Arxiu |b Arxiu |d 2022-08-16 |l 0 |o Bib-899 |p 26473 |r 2022-08-16 00:00:00 |w 2022-08-16 |y ARXIU | ||
| 999 | |c 82589 |d 82589 | ||